Представление документа в формате MARC21

Поле Инд. ПП Название Значение
Тип записи a
Библиографический уровень m
001 Контрольный номер RU/LIBMSTU/307120633
005 Дата корректировки 20190711144829.7
008 Кодируемые данные 090929|||||||||ru |||||||||||000|||rus||
020 a ISBN 978-5-903826-19-3
c Цена, тираж 290-00
040 b Код языка каталог. rus
041 0_ a Код языка текста rus
084 a Индекс другой классификации/Индекс ББК 33.36я7
090 a Полочн. индекс 33
x Авторский знак Д 69
100 1_ a Автор Дорошенко Е. В.
245 10 a Заглавие Специалист по ремонту нефтяных и газовых скважин
b Продолж. заглавия учеб. пособие
260 a Место издания [Волгоград]
b Издательство Ин-Фолио
c Дата издания 2009
300 a Объем 281, [1] с.
440 _0 a Серия Профессиональная подготовка
504 a Библиография Библиогр.: с. 276 -277
650 04 a Основная рубрика Нефтяные и газовые скважины-Ремонт-Учебные издания для среднего профессионального образования
653 0_ a Ключевые слова Газлифтная добыча нефти
a Ключевые слова Глушение скважин
a Ключевые слова Ремонт скважин
a Ключевые слова Конструкция скважин
a Ключевые слова Скважины нефтяные
a Ключевые слова Охрана труда
a Ключевые слова Техника безопасности
a Ключевые слова Фонтанная добыча нефти
700 12 a Другие авторы Покрепин Б. В.
700 1_ a Другие авторы Покрепин Г. В.
901 t Тип документа m
952 c Вид литературы учебное пособие